| 000 | 00469nam a22001817a 4500 | ||
|---|---|---|---|
| 003 | CEME | ||
| 005 | 20210628202746.0 | ||
| 008 | 210118b xxu||||| |||| 00| 0 eng d | ||
| 020 | _a0-470-85508-8 | ||
| 040 | _c. | ||
| 082 | _a621.312136 WIN | ||
| 100 |
_aAckermann, Thomas _961462 |
||
| 245 | _aWind power in power systems | ||
| 260 |
_aNEW YORK _bJOHN WILEY _c2005 |
||
| 300 | _aXLVII,691 P | ||
| 650 |
_aWIND POWER PLANTS, WIND POWER, _961463 |
||
| 942 |
_cBK _2ddc |
||
| 999 |
_c570905 _d570905 |
||